| 000 | 00783nam a2200289 4500 | ||
|---|---|---|---|
| 003 | OSt | ||
| 005 | 20260530113912.0 | ||
| 008 | 260505b19871989ESPa|||| |||| 00| 0 eng d | ||
| 020 | _a3473425613 | ||
| 020 | _a2249277907 | ||
| 040 |
_aICI _bspa _cICI |
||
| 041 | _aeng | ||
| 050 |
_aTT870 _bK54 1987 |
||
| 100 |
_aKneissler, Irmgard _eautor _933530 |
||
| 245 |
_aOrigami 2 / _cIrmgard Kneissler |
||
| 260 |
_a[S.l.] : _b[s.n.], _c1987 |
||
| 300 |
_a79 páginas : _bilustraciones ; |
||
| 336 |
_2rdacontent _atexto |
||
| 337 |
_2rdamedia _asin medio |
||
| 338 |
_2rdacarrier _avolumen |
||
| 650 |
_aOrigami _933531 |
||
| 650 |
_aPapiroflexia _933532 |
||
| 650 |
_aArtes con papel _933533 |
||
| 650 |
_aManualidades _933534 |
||
| 650 |
_aArte japonés _91193 |
||
| 942 |
_2lcc _n1 _cBK |
||
| 999 |
_c12159 _d12159 |
||